Score 0/20 Timer 03:00
2 Plays Today
Movie Missing Word % Correct
The _____ of Anne FrankDiary
93.3%
The _____ on the River KwaiBridge
92.5%
The _____ EscapeGreat
91%
The _____ Has LandedEagle
86.1%
The _____ SpeechKing's
84%
The Imitation _____Game
80.1%
The Longest _____Day
66.7%
The _____ of NavaroneGuns
65%
_____ the Bismarck!Sink
63.1%
The Caine _____Mutiny
58.9%
Movie Missing Word % Correct
Where Eagles _____Dare
58.7%
_____ PacificSouth
57.1%
Life is _____Beautiful
56.8%
_____-571U
56.4%
Kelly's _____Heroes
53.4%
Run Silent, Run _____Deep
51.5%
Stalag _____17
45.1%
The _____ GermanGood
38.5%
The Big _____ OneRed
37.9%
Europa _____Europa
19.8%

Today's Daily Dose

Missing Word
I Hardly Know Her!

Word Ladder
Sentence Ending

Quick Pick
Female Firsts

Get the Picture
Triathlon Sports

Remove Ads.
Support Sporcle.
Get the best of Sporcle when you Go Orange. This ad-free experience offers more features, more stats, and more fun while also helping to support Sporcle. Thank you for becoming a member.

You're not logged in!

Compare scores with friends on all Sporcle quizzes.
OR
Log In

Show Comments

Extras

Top Quizzes Today


Score Distribution

Your Account Isn't Verified!

In order to create a playlist on Sporcle, you need to verify the email address you used during registration. Go to your Sporcle Settings to finish the process.

Report this User

Report this user for behavior that violates our Community Guidelines.

Details: